000 00829nam a2200241 a 4500
001 000083398
005 20200120224824.0
008 170815s2009 ck a|||gr|||||000|||spa|d
020 _a9790801632081
041 0 _aspa
043 _as-ck---
082 0 4 _a788.98
_bC65c
_221
110 2 _aMinisterio de Cultura
_bPlan Nacional de Música para la Convivencia
245 1 0 _aCuaderno de ejercicios para Tuba /
_cMinisterio de Cultura, Plan Nacional de Música para la Convivencia.
250 _a1a. ed.
260 _aBogotá :
_bMinisterio de Cultura,
_c2009.
300 _a127 páginas :
_bIlustraciones en blanco y negro.
650 1 4 _aComposición Musical
_zColombia
650 1 4 _aMelodia
650 1 4 _aRitmo musical
700 1 _aMúsica para la convivencia
700 1 _aBellas Artes, Institución Universitaria del Valle
999 _c11268
_d11268